<?xml version="1.0" encoding="UTF-8"?>
<record
    xmlns:xsi="http://www.w3.org/2001/XMLSchema-instance"
    xsi:schemaLocation="http://www.loc.gov/MARC21/slim http://www.loc.gov/standards/marcxml/schema/MARC21slim.xsd"
    xmlns="http://www.loc.gov/MARC21/slim">

  <leader>00601nam a22001337a 4500</leader>
  <datafield tag="040" ind1=" " ind2=" ">
    <subfield code="c">RUA</subfield>
  </datafield>
  <datafield tag="082" ind1=" " ind2=" ">
    <subfield code="a">AGR ORM 2012 B051 Or.1</subfield>
  </datafield>
  <datafield tag="100" ind1=" " ind2=" ">
    <subfield code="a">ORM, SOKHOM.</subfield>
  </datafield>
  <datafield tag="245" ind1=" " ind2=" ">
    <subfield code="a">Effect of potassium fertilizer on starch content of different cassava varieties &#x1794;&#x17D2;&#x179A;&#x179F;&#x17B7;&#x1791;&#x17D2;&#x1792;&#x1797;&#x17B6;&#x1796;&#x1787;&#x17B8;&#x1794;&#x17C9;&#x17BC;&#x178F;&#x17B6;&#x179F;&#x17D2;&#x1799;&#x17BC;&#x1798;&#x1791;&#x17C5;&#x179B;&#x17BE;&#x1794;&#x179A;&#x17B7;&#x1798;&#x17B6;&#x178E;&#x1798;&#x17D2;&#x179F;&#x17C5;&#x1793;&#x17C3;&#x178A;&#x17C6;&#x17A1;&#x17BC;&#x1784;&#x1798;&#x17B8;&#x1796;&#x17BC;&#x1787;&#x1781;&#x17BB;&#x179F;&#x1782;&#x17D2;&#x1793;&#x17B6;</subfield>
  </datafield>
  <datafield tag="260" ind1=" " ind2=" ">
    <subfield code="a">Phnom Penh</subfield>
    <subfield code="b">RUA</subfield>
    <subfield code="c">2012</subfield>
  </datafield>
  <datafield tag="300" ind1=" " ind2=" ">
    <subfield code="a">ix; 44p.</subfield>
    <subfield code="b">ill.</subfield>
    <subfield code="c">29cm.</subfield>
  </datafield>
  <datafield tag="856" ind1=" " ind2=" ">
    <subfield code="u">https://drive.google.com/file/d/1eEgqtayxS0VyIqa2Z4WROuqSHZ2f0VsZ/view?usp=sharing</subfield>
  </datafield>
  <datafield tag="942" ind1=" " ind2=" ">
    <subfield code="c">AGR</subfield>
  </datafield>
  <datafield tag="999" ind1=" " ind2=" ">
    <subfield code="c">1189</subfield>
    <subfield code="d">1189</subfield>
  </datafield>
  <datafield tag="952" ind1=" " ind2=" ">
    <subfield code="0">0</subfield>
    <subfield code="1">0</subfield>
    <subfield code="2">ddc</subfield>
    <subfield code="4">0</subfield>
    <subfield code="6">AGR_ORM_2012_000000000000000_B051_OR_1</subfield>
    <subfield code="7">0</subfield>
    <subfield code="9">4924</subfield>
    <subfield code="a">LBB</subfield>
    <subfield code="b">LBB</subfield>
    <subfield code="c">B051</subfield>
    <subfield code="d">2015-09-24</subfield>
    <subfield code="o">AGR ORM 2012 B051 Or.1</subfield>
    <subfield code="p">RUA000938</subfield>
    <subfield code="r">2015-09-24</subfield>
    <subfield code="w">2015-09-24</subfield>
    <subfield code="y">AGR</subfield>
  </datafield>
  <datafield tag="952" ind1=" " ind2=" ">
    <subfield code="0">0</subfield>
    <subfield code="1">0</subfield>
    <subfield code="2">ddc</subfield>
    <subfield code="4">0</subfield>
    <subfield code="6">AGR_ORM_2012_000000000000000_B051_OR_2</subfield>
    <subfield code="7">0</subfield>
    <subfield code="9">4925</subfield>
    <subfield code="a">LBB</subfield>
    <subfield code="b">LBB</subfield>
    <subfield code="c">B051</subfield>
    <subfield code="d">2015-09-24</subfield>
    <subfield code="l">4</subfield>
    <subfield code="o">AGR ORM 2012 B051 Or.2</subfield>
    <subfield code="p">RUA000944</subfield>
    <subfield code="r">2023-09-15</subfield>
    <subfield code="s">2022-12-07</subfield>
    <subfield code="w">2015-09-24</subfield>
    <subfield code="y">AGR</subfield>
  </datafield>
  <datafield tag="952" ind1=" " ind2=" ">
    <subfield code="0">0</subfield>
    <subfield code="1">0</subfield>
    <subfield code="2">ddc</subfield>
    <subfield code="4">0</subfield>
    <subfield code="6">AGR_ORM_2012_000000000000000_B051_OR_3</subfield>
    <subfield code="7">0</subfield>
    <subfield code="9">4926</subfield>
    <subfield code="a">LBB</subfield>
    <subfield code="b">LBB</subfield>
    <subfield code="c">B051</subfield>
    <subfield code="d">2015-09-24</subfield>
    <subfield code="o">AGR ORM 2012 B051 Or.3</subfield>
    <subfield code="p">RUA000939</subfield>
    <subfield code="r">2015-09-24</subfield>
    <subfield code="w">2015-09-24</subfield>
    <subfield code="y">AGR</subfield>
  </datafield>
  <datafield tag="952" ind1=" " ind2=" ">
    <subfield code="0">0</subfield>
    <subfield code="1">0</subfield>
    <subfield code="2">ddc</subfield>
    <subfield code="4">0</subfield>
    <subfield code="6">AGR_ORM_2012_000000000000000_B051_OR_4</subfield>
    <subfield code="7">0</subfield>
    <subfield code="9">4927</subfield>
    <subfield code="a">LBB</subfield>
    <subfield code="b">LBB</subfield>
    <subfield code="c">B051</subfield>
    <subfield code="d">2015-09-24</subfield>
    <subfield code="l">2</subfield>
    <subfield code="o">AGR ORM 2012 B051 Or.4</subfield>
    <subfield code="p">RUA000945</subfield>
    <subfield code="r">2025-02-12</subfield>
    <subfield code="s">2025-01-24</subfield>
    <subfield code="w">2015-09-24</subfield>
    <subfield code="y">AGR</subfield>
  </datafield>
  <datafield tag="952" ind1=" " ind2=" ">
    <subfield code="0">0</subfield>
    <subfield code="1">0</subfield>
    <subfield code="2">ddc</subfield>
    <subfield code="4">0</subfield>
    <subfield code="6">AGR_ORM_2012_000000000000000_B051_OR_5</subfield>
    <subfield code="7">0</subfield>
    <subfield code="9">4928</subfield>
    <subfield code="a">LBB</subfield>
    <subfield code="b">LBB</subfield>
    <subfield code="c">B051</subfield>
    <subfield code="d">2015-09-24</subfield>
    <subfield code="l">1</subfield>
    <subfield code="o">AGR ORM 2012 B051 Or.5</subfield>
    <subfield code="p">RUA000421</subfield>
    <subfield code="r">2019-11-05</subfield>
    <subfield code="s">2019-10-19</subfield>
    <subfield code="w">2015-09-24</subfield>
    <subfield code="y">AGR</subfield>
  </datafield>
</record>
